000 00784nam a2200265Ia 4500
001 Para_3810
003 CHAP
008 220125s1914 xx 000 0 und d
010 _a202331
040 _cCHAP
090 _aPA FOLLETO 1030
100 _aHaring, Clarence M
_952733
245 _aThe intradermal test for tuberculosis in cattle and hogs /
_c Clarence M. Harring
260 _aBerkeley, California :
_b Agricultural Experiment Station
300 _a94-154 p.
440 _aCalifornia. Agric. Exp. Sta. Bull.; 243
_9167464
650 _aTuberculosis en ganado
_9115475
901 _aPA FOLLETO 1030
902 _aA
905 _a0000001914 BER 0000000000 00
910 _a1914
942 _cPARA
942 _cPARA
_d1
999 _c202331
_d202331